300 bài thơ đường

Tập hợp 300 bài thơ Đường của các tác giả đời Đường như Lý Bạch, Đỗ Phủ, Mạnh Hạo Nhiên,...

Đã lưu trong:
書目詳細資料
格式: 圖書
語言:Undetermined
出版: Hà Nội Văn học 2010
主題:
標簽: 添加標簽
沒有標簽, 成為第一個標記此記錄!
Thư viện lưu trữ: Trung tâm Học liệu Trường Đại học Cần Thơ
LEADER 00889nam a2200205Ia 4500
001 CTU_176506
008 210402s9999 xx 000 0 und d
020 |c 130000 
082 |a 895.11 
082 |b B100 
245 0 |a 300 bài thơ đường 
245 0 |c Hành Đường Thoái (tuyển chọn), Trần Uyển Tuấn (bổ chú), Ngô Văn Phú (dịch và giới thiệu) 
260 |a Hà Nội 
260 |b Văn học 
260 |c 2010 
520 |a Tập hợp 300 bài thơ Đường của các tác giả đời Đường như Lý Bạch, Đỗ Phủ, Mạnh Hạo Nhiên,... 
650 |a Chinese poetry,Thơ Trung Quốc,Chinese literature,Văn học Trung Quốc 
650 |y Tang dynastry, 618-907,Đời Đường, 618-907 
904 |i Năm 
980 |a Trung tâm Học liệu Trường Đại học Cần Thơ